000 00539nam a2200217 a 4500
999 _c4053
_d4053
001 4053
003 BD-JhCC
005 20171122183505.0
008 171118s1962 uk |||| |||| 000 0 eng d
035 _a(BD-JhCC)
040 _aBD-JhCC
_dBD-JhCC
041 _aeng
082 _a823.914
_bNOR 1962
100 _aNorth, Michael
245 _aReturn to Fakena /
_cMichael North
260 _aLondon :
_bBlackie & Son Ltd
_c1962
300 _a49 p.;
_c14 cm
490 _aThe Crusader Series
650 _aChildren stories
942 _2ddc
_cBK